Leonard Cohen /

Serie que en cada volumen se ocupa de alguna de las grandes figuras de la música popular, haciendo una reconstrucción vital y creativa de la trayectoria del sujeto. Rastrea en cada caso el origen familiar y el contexto socio-histórico en que el biografiado comenzó a experimentar con la música, para...

Fuld beskrivelse

Guardado en:
Bibliografiske detaljer
Hovedforfatter: Nadel, Ira (autor)
Format: Bog
Sprog:spansk
Udgivet: Madrid, España : Cátedra, 1996, c1996
Serier:(Rock Pop ; 37)
Fag:
Tags: Tilføj Tag
Ingen Tags, Vær først til at tagge denne postø!

MARC

LEADER 00000nam^a2200000^a^4500
001 000151979
005 20250521000000.0
009 20260310100228.113
020 |a 84-376-1424-4 
037 |a Acervo ITESO - Biblioteca 
041 |a ESP 
082 |a 787. 1  |b ROC V. 37 
100 |a Nadel, Ira  |e (autor) 
245 1 0 |a Leonard Cohen /  |c I. Nadel ; tr. por Carmen Martínez Gimeno. 
264 4 |a Madrid, España :  |b Cátedra,  |c 1996, c1996 
300 |a 198 p. 
336 |a texto  |b txt  |2 rdacontenido 
337 |a sin mediación  |b n  |2 rdamedio 
338 |a volumen  |b nc  |2 rdasoporte 
440 1 |a (Rock Pop ;  |v 37) 
500 |a Traducción de: Leonardo Cohen. A Life in Art 
520 |a Serie que en cada volumen se ocupa de alguna de las grandes figuras de la música popular, haciendo una reconstrucción vital y creativa de la trayectoria del sujeto. Rastrea en cada caso el origen familiar y el contexto socio-histórico en que el biografiado comenzó a experimentar con la música, para ocuparse luego de las características artísticas de su trabajo, de su relación con la fama y de su postura frente a situaciones políticas concretas. Los textos incluyen al final una discografía y bibliografía del sujeto. 
649 |a XX 
650 |a Músicos Canadienses 
650 |a Cantantes Canadienses 
650 |a Banda (de Jazz, Rock, etc.) 
650 |a Rock -  |z Canadá -  |x Historia y Crítica 
650 |a Rock -  |x Historia y Crítica 
650 |a Canción-Protesta -  |z Canadá -  |x Historia y Crítica 
650 |a Canción-Protesta -  |x Historia y Crítica 
650 |a Canción de Autor -  |z Canadá -  |x Historia y Crítica 
650 |a Canción de Autor -  |x Historia y Crítica 
650 |a Música Popular Moderna -  |y Siglo XX 
650 |a Música Popular Moderna -  |z Canadá -  |x Historia y Crítica 
650 |a Música Popular Moderna -  |x Historia y Crítica 
650 |a Música Canadiense -  |y Siglo XX 
650 |a Música Canadiense -  |x Historia y Crítica 
650 |a Cohen, Leonard -  |x Tema Principal 
910 |a Fondo General 
920 |a Impresos - Libros 
930 |a Colección General 
905 |a 101 
901 |a 0500043309  |b IT1  |c ACC  |u 20250521 
902 |a https://opac.biblio.iteso.mx/vufind/Record/000151979